00387nam a2200109Ia 4500008004100000082000800041100001800049245015700067260003600224300000900260365000800269220603s9999 xx 000 0 und d bDEG aDegavi Girish aEffectiveness of planned teaching programme on knowledge regarding cardiac rehabilitation among staff nurses working in ICCU of heart foundation Belgaum aKarnatakabKLE Universityc2013 a163p bRs.